El PH de los potenciales de Redox (Record no. 79537)

MARC details
000 -LEADER
campo de control de longitud fija 01124nam a2200241 i 4500
001 - NÚMERO DE CONTROL
campo de control 79537
003 - IDENTIFICADOR DE NÚMERO DE CONTROL
campo de control ES-MaACL
005 - FECHA Y HORA DE LA ÚLTIMA TRANSACCIÓN
campo de control 20250723094627.0
007 - CAMPO FIJO DE DESCRIPCIÓN FÍSICA--INFORMACIÓN GENERAL
campo de control de longitud fija t|
008 - DATOS DE LONGITUD FIJA--INFORMACIÓN GENERAL
campo de control de longitud fija 041021s1947 sp ||||1| spa d
100 1# - ENTRADA PRINCIPAL--NOMBRE DE PERSONA
Nombre de persona Herce, Félix.
9 (RLIN) 62672
245 13 - MENCIÓN DEL TÍTULO
Título El PH de los potenciales de Redox
Resto del título : (teoría y mediciones) /
Mención de responsabilidad, etc. por Pedro Herce.
250 ## - MENCION DE EDICION
Mención de edición [1ª ed.].
260 ## - PUBLICACIÓN, DISTRIBUCIÓN, ETC.
Lugar de publicación, distribución, etc. Madrid :
Nombre del editor, distribuidor, etc. [s.n.],
Fecha de publicación, distribución, etc. 1947 (
Fabricante Imp. Artística)
300 ## - DESCRIPCIÓN FÍSICA
Extensión XII, 147 p., 3 lám. :
Otras características físicas il. ;
Dimensiones 25 cm.
500 ## - NOTA GENERAL
Nota general Precede al tít.: Instituto de Investigaciones Agronómicas.
650 #7 - PUNTO DE ACCESO ADICIONAL DE MATERIA--TÉRMINO DE MATERIA
Término de materia o nombre geográfico como elemento de entrada Química
Fuente del encabezamiento o término embne
9 (RLIN) 16625
710 00 - ENTRADA AGREGADA--NOMBRE DE ENTIDAD CORPORATIVA
Nombre de entidad corporativa o nombre de jurisdicción como elemento de entrada Instituto de Investigaciones Agronómicas (
Sede del congreso/Lugar de la reunión Madrid)
9 (RLIN) 227457
852 ## - LOCALIZACIÓN
Ubicación ES-MaACL
Número de control de estantería D-6574
Sublocalización o colección R.30473
-- R.M.6165
itemnumber 82490
Ubicación en estantería Sala Valle Inclán
Marcas de propiedad Sello en tinta azul de la Biblioteca del Ateneo de Madrid
Anotaciones manuscritas Anotación manuscrita en cubierta: "182
-- Anotación manuscrita en hoja de guarda: "E/110"
Encuadernación Encuadernación en tela marrón
Nota libre En cubierta: "9. Feb. 1951"
942 ## - ELEMENTOS DE ENTRADA SECUNDARIOS (KOHA)
Fuente del sistema de clasificación o colocación Clasificación decimal universal
Holdings
Estatus retirado Estado de pérdida Estado de daño No para préstamo Biblioteca de origen Biblioteca actual Ubicación en estantería Fecha de adquisición Fuente de adquisición Total de préstamos Signatura topográfica completa Código de barras Visto por última vez Precio de reemplazo Tipo de ítem Koha
        Biblioteca del Ateneo de Madrid Biblioteca del Ateneo de Madrid Sala Valle Inclán 17/01/2008     D-6574 901083172 23/02/2023 23/02/2023 Libro impreso